| 000 | 01775cab a2200289 i 4500 | ||
|---|---|---|---|
| 001 | 768714001 | ||
| 003 | CO-MdFUSB | ||
| 005 | 20230112141858.0 | ||
| 008 | 161116s2007 gt ||||| |||| 00| 0 spa d | ||
| 022 | _a1014-9341 | ||
| 040 |
_aCO-MdFUSB _bspa _cCO-MdFUSB _dCO-MdFUSB |
||
| 041 | _aspa | ||
| 100 | 1 |
_aRoberts, Robert C. _eautor |
|
| 245 | 0 | 0 |
_aLas emociones y la doctrina cristiana _c/ Robert C. Roberts |
| 300 |
_aNúmero 41 (Julio - Diciembre, 2007), páginas 113-128 _c; 22 cm |
||
| 520 | _aLas emociones son un medio esencial para integrar doctrina en la vida. Entender qué son y cómo se forman puede contribuir a la madurez espiritual. En los últimos 30 años la psicología y la ética han reconocido la relevancia de las emociones. Han brotado propuestas muy diferentes sobre qué son, cada una reflejando los intereses de la disciplina que la hace. Un entendimiento cristiano de las emociones parte de lo que el Nuevo Testamento dice de ellas: son moralmente importantes, pueden ser mandadas y pueden ser formadas por reflexión sobre el evangelio. Las emociones son maneras de percibir cómo situaciones de la vida afectan nuestros intereses. El que no ve cómo el evangelio afecta sus intereses no dará fruto del evangelio. Una de las manifestaciones de la integración emocional del evangelio es el gozo como reacción a la persecución. | ||
| 650 | 0 |
_919 _aVida cristiana |
|
| 653 | _aEmoción | ||
| 653 | _aDoctrina | ||
| 653 | _aPsicología cristiana | ||
| 653 | _aÉtica | ||
| 653 | _aEspiritualidad | ||
| 653 | _aVirtud | ||
| 773 | 0 |
_tKairós _049489 _961217 _gNúmero 41 (Julio - Diciembre, 2007), páginas 113-128 _qPáginas 113 |
|
| 773 | 0 |
_tKairós _049489 _961215 _gNúmero 41 (Julio - Diciembre, 2007), _qPáginas 113 |
|
| 942 | _cANA | ||
| 999 |
_c62389 _d62389 |
||